Statistics for The Ultimate Horror Quiz

Click here to take the quiz!

General Stats

  • This quiz has been taken 55 times
  • The average score is 14 of 16

Answer Stats

Answer% Correct
Childs Play
100%
IT
100%
Nightmare on Elm Street
98%
Saw
98%
Alien
94%
Friday the 13th
94%
Gremlins
94%
Halloween
94%
The Shining
94%
Psycho
92%
Silence of the lambs
92%
Texas Chainsaw Massacre
88%
Insidious
80%
The Walking Dead
72%
American Horror Story
62%
Brightburn
32%

Score Distribution

Percentile by Number Answered

Percent of People with Each Score

Your Score History

You have not taken this quiz